Human resource management / (Record no. 2477)
[ view plain ]
| 000 -LEADER | |
|---|---|
| fixed length control field | 01113cam a22001814a 4500 |
| 020 ## - INTERNATIONAL STANDARD BOOK NUMBER | |
| ISBN | 0072525770 (alk. paper) |
| 050 00 - CALL NUMBER | |
| Classification number | HF5549 |
| Item number | .I88 2004 |
| 100 1# - AUTHOR | |
| Personal name | Ivancevich, John M. |
| 245 10 - TITLE | |
| Title | Human resource management / |
| Statement of responsibility, etc | John M. Ivancevich. |
| 250 ## - EDITION | |
| Edition statement | 9th ed. |
| 260 ## - PUBLICATION INFORMATION | |
| Place of publication | New York : |
| Name of publisher | McGraw-Hill/Irwin, |
| Year of publication | c2004. |
| 300 ## - DESCRIPTION | |
| Number of Pages | xxi, 647 p. ; |
| Dimensions | 26 cm. |
| 500 ## - NOTES | |
| General note | Includes index |
| 505 ## - FORMATTED CONTENTS NOTE | |
| Table of Content | Human Resource Management --<br/>Strategic Management Approach to Human Resource Management --<br/>Equal Employment Opportunity: Legal Aspects of Human Resource Management --<br/>Global Human Resource Management --<br/>Human Resource Planning and Alignment --<br/>Job Analysis and Design --<br/>Recruitment --<br/>Selection --<br/>Appraising and Managing Performance --<br/>Compensation: An Overview --<br/>Compensation: Issues and Policies --<br/>Administering Benefits and Services --<br/>Training and Development --<br/>Career Planning and Development --<br/>Labor Relations and Collective Bargaining --<br/>Employee Rights and Justice --<br/>Promoting Safety and Health. |
| 650 #0 - SUBJECTS | |
| Topical Term | Personnel management. |
| 650 #0 - SUBJECTS | |
| Topical Term | Personnel management |
| 942 ## - ADDED ENTRY ELEMENTS (KOHA) | |
| Koha item type | Books |
| Withdrawn status | Lost status | Collection code | Home library | Current library | Shelving location | Date acquired | Full call number | Accession Number | Koha item type |
|---|---|---|---|---|---|---|---|---|---|
| Reference | Methodist University Library Main | Methodist University Library Main | General Stacks | 15/02/2018 | HF5549 .I88 2004 | 13054 | Books |